The techniques of Violin playing
সংরক্ষণ করুন:
| প্রধান লেখক: | , |
|---|---|
| বিন্যাস: | গ্রন্থ |
| ভাষা: | ইংরেজি জার্মান |
| প্রকাশিত: |
Kassel
Barenreiter
2016
|
| সংস্করন: | 2a. ed |
| বিষয়গুলি: | |
| ট্যাগগুলো: |
ট্যাগ যুক্ত করুন
কোনো ট্যাগ নেই, প্রথমজন হিসাবে ট্যাগ করুন!
|
MARC
| LEADER | 00000cam a2200000 a 4500 | ||
|---|---|---|---|
| 001 | UCC7131 | ||
| 003 | CL-VaPUC | ||
| 008 | 190304e20160000gw |||||||||||||||||eng|d | ||
| 020 | |a 9783761822678 | ||
| 041 | 0 | 7 | |a eng |2 CL-VaPUC |
| 041 | 0 | 7 | |a ger |2 CL-VaPUC |
| 082 | 0 | 4 | |a Vn784.18949 |b ARD |2 21 |
| 100 | 0 | |a Arditti, Irvine |e author |9 601622 | |
| 700 | 0 | |a Platz, Robert HP |e author |9 601623 | |
| 245 | 1 | 4 | |a The techniques of Violin playing |
| 246 | 1 | 4 | |a Die Spieltechnik der Violine |
| 250 | |a 2a. ed | ||
| 300 | |a 117 p | ||
| 942 | |c BK | ||
| 945 | |d 20190304 12:48:00 |a dcastane | ||
| 260 | |a Kassel |b Barenreiter |c 2016 | ||
| 500 | |a Incluye DVD | ||
| 650 | 0 | |a Música para violín |9 357613 | |
| 650 | 7 | |a PEDAGOGIA MUSICAL |2 CL-VaPUC |9 601624 | |
| 583 | |a last modification |c 20190304 12:48:00 |k Rodrigo Vera | ||
| 999 | |c 373862 |d 373860 | ||
| 952 | |0 0 |1 0 |3 erb |4 0 |6 VN_784_189490000000000_ARD_2016 |7 0 |8 R |9 492113 |a BIBEDU |b BIBEDU |i 5534372 |o Vn784.18949 ARD 2016 |p 5534372 |r 2023-11-22 |w 2019-11-24 |y BK_R |z Catalogado en:20190304 |k MUS | ||